La Constitución Británica en el Siglo XX : soberanía parlamentaria, constitucionalismo common law y leyes constitucionales

Збережено в:
Бібліографічні деталі
Автор: Vírgala Foruria , Eduardo
Формат: Невідомо
Мова:Англійська
Опубліковано: España Marcial Pons 2018
Предмети:
Теги: Додати тег
Немає тегів, Будьте першим, хто поставить тег для цього запису!

MARC

LEADER 00000 a2200000 4500
003 CL-VaPUC
005 20220324131218.0
008 200108b ||||| |||| 00| 0 eng d
999 |c 376419  |d 376417 
020 |a 9788491235538 
040 |c Pontificia Universidad Católica de Valparaíso 
082 |a 342.41 VIR 2018  
100 1 |a Vírgala Foruria , Eduardo  |9 605631 
245 1 0 |a La Constitución Británica en el Siglo XX : soberanía parlamentaria, constitucionalismo common law y leyes constitucionales 
260 3 |b Marcial Pons  |c 2018  |a España 
583 |k Hugo Gaete  |c 20200108 
650 0 0 |a Derecho constitucional   |9 222588 
650 0 0 |a CONSTITUCION BRITANICA  |9 605665 
650 0 0 |a Constitución política  |9 336925 
650 0 0 |a Soberanía  |9 266726 
650 0 0 |a Teoría de la constitución  |9 257794 
651 |a REINO UNIDO  |9 388523 
942 |2 ddc  |c BK 
952 |0 0  |1 0  |2 ddc  |4 0  |6 342_410000000000000_VIR_2018  |7 0  |9 495864  |a BIBDER  |b BIBDER  |d 2020-01-07  |e 36  |g 13479.00  |i 5571421  |l 1  |m 5  |o 342.41 VIR 2018   |p 5571421  |r 2023-01-25  |s 2022-09-08  |t 1  |v 13479.00  |w 2020-01-07  |y BK  |k DER